000 00822nam a22002417a 4500
003 SISC
005 20160307152433.0
008 130830t xxu||||| |||| 00| 0 eng d
020 _a9781857996753
050 _aPR 423
_b.Sp748 1996
082 _aHS 821.3
_b Sp3 1996
100 _aSpenser, Edmund
_915779
245 _aThe bower of bliss and the garden of Adonis :
_cEdmund Spencer.
_bfrom book II and book III of the fairy queen /
260 _aLondon :
_bOrion House,
_cc1996.
300 _a58 cm. :
_c14 cm.
600 _aSpenser, Edmund
_915779
648 _a1. Poetry--Psychological aspects.
_915780
650 _a Poetry
_xPsychological aspects.
_915784
650 _a2. Epic poetry, English
_vHistory and criticism.
_915785
650 _aHistory and criticism.
_915783
942 _2lcc
_cBK
999 _c10024
_d10024